[Event "ch-USA Junior 2024"]
[Site "Saint Louis USA"]
[Date "2024.07.20"]
[Round "5.2"]
[White "Yoo, Christopher Woojin"]
[Black "Liang, Jason"]
[Result "1-0"]
[WhiteTitle "GM"]
[BlackTitle "IM"]
[WhiteElo "2607"]
[BlackElo "2412"]
[WhiteFideId "30909694"]
[BlackFideId "30940303"]
[EventDate "2024.07.16"]

1. e4 c5 2. Ne2 Nc6 3. d4 cxd4 4. Nxd4 e6 5. Nc3 Qc7 6. Be3 a6 7. Qf3 b5 8. Qg3
Bd6 9. f4 Nxd4 10. Bxd4 Ne7 11. e5 Bc5 12. Bxc5 Qxc5 13. Bd3 Bb7 14. O-O-O O-O
15. Rd2 f5 16. exf6 Rxf6 17. Be4 Qc7 18. Bxb7 Qxb7 19. Rhd1 Rd8 20. Qe1 Rf7 21.
Ne4 Qc7 22. Ng5 Rff8 23. Qe4 g6 24. g3 Nc6 25. Rd6 Rf6 26. Qxc6 dxc6 27. Rxd8+
Rf8 28. Rxf8+ Kxf8 29. Nxe6+ 1-0

[Event "ch-USA Junior 2024"]
[Site "Saint Louis USA"]
[Date "2024.07.20"]
[Round "5.3"]
[White "Daggupati, Balaji"]
[Black "Wang, Justin"]
[Result "1/2-1/2"]
[WhiteTitle "GM"]
[BlackTitle "IM"]
[WhiteElo "2480"]
[BlackElo "2517"]
[WhiteFideId "2090759"]
[BlackFideId "30911370"]
[EventDate "2024.07.16"]

1. e4 e5 2. Nf3 Nc6 3. Bb5 Nf6 4. d3 Bc5 5. c3 O-O 6. O-O d6 7. h3 Ne7 8. d4 Bb6
9. dxe5 dxe5 10. Qc2 Ng6 11. Nbd2 Qe7 12. Be2 a5 13. Nc4 Bc5 14. Nxa5 Rxa5 15.
b4 Ra8 16. bxc5 Qxc5 17. Be3 Qc6 18. Nd2 Ra3 19. c4 Be6 20. Rfb1 Rfa8 21. c5
R8a5 22. Qb2 Rxe3 23. fxe3 Qxc5 24. Nf1 Nxe4 25. Rc1 Qb6 26. Qxb6 cxb6 27. Bc4
Bxc4 28. Rxc4 Nc5 29. Rb4 b5 30. Rab1 Rxa2 31. Rxb5 Ne4 32. Rxb7 h5 33. R7b2 Ra3
34. Rb3 Ra2 35. R3b2 Ra3 36. Rb3 Ra2 37. R3b2 1/2-1/2

[Event "ch-USA Junior 2024"]
[Site "Saint Louis USA"]
[Date "2024.07.20"]
[Round "5.4"]
[White "Woodward, Andy"]
[Black "Hong, Andrew"]
[Result "0-1"]
[WhiteTitle "IM"]
[BlackTitle "GM"]
[WhiteElo "2523"]
[BlackElo "2570"]
[WhiteFideId "30953499"]
[BlackFideId "2099438"]
[EventDate "2024.07.16"]

1. d4 Nf6 2. c4 e6 3. g3 d5 4. Bg2 Bb4+ 5. Bd2 a5 6. Nf3 O-O 7. Qc2 Be7 8. O-O
c6 9. Rd1 Nbd7 10. Bf4 h6 11. Nc3 dxc4 12. Ne5 Nxe5 13. Bxe5 Nd5 14. Ne4 b5 15.
b3 cxb3 16. axb3 b4 17. Qxc6 Bd7 18. Qb7 Qc8 19. Qxc8 Rfxc8 20. Bd6 Bxd6 21.
Nxd6 Rc2 22. Nc4 Bb5 23. Nxa5 Bxe2 24. Re1 g5 25. Be4 Rb2 26. Rec1 Ra6 27. Rc8+
Kg7 28. Rc5 Nc3 29. Bb7 Rd6 30. Bg2 Ra6 31. Bc6 Bd3 32. d5 exd5 33. Bxd5 Rf6 34.
Bh1 g4 35. Nc4 Ne2+ 36. Kg2 Rc2 37. Re1 Nd4 38. Ne5 Rcxf2+ 39. Kg1 Ne2+ 40. Rxe2
Rf1+ 41. Kg2 Be4+ 42. Nf3 R6xf3 0-1

[Event "ch-USA Junior 2024"]
[Site "Saint Louis USA"]
[Date "2024.07.20"]
[Round "5.5"]
[White "Wang, Jason"]
[Black "Ladan, Nicholas"]
[Result "1-0"]
[WhiteTitle "IM"]
[WhiteElo "2425"]
[BlackElo "2211"]
[WhiteFideId "30908124"]
[BlackFideId "30918855"]
[EventDate "2024.07.16"]

1. d4 d5 2. c4 e6 3. Nc3 Bb4 4. cxd5 exd5 5. Bf4 c5 6. dxc5 Qf6 7. Bd2 Bxc5 8.
e3 Ne7 9. Nb5 Na6 10. Bc3 Qg6 11. b4 Bb6 12. Nf3 O-O 13. Bd3 Qh6 14. a4 Nc7 15.
Nbd4 a5 16. Qd2 Nc6 17. Nxc6 bxc6 18. bxa5 Ba7 19. Nd4 c5 20. Nb5 Bb8 21. Be2
Bb7 22. Be5 Ne6 23. Bxb8 Rfxb8 24. O-O d4 25. f4 Re8 26. Nd6 Nxf4 27. Nxb7 dxe3
28. Qa2 Qg5 29. g3 Nh3+ 30. Kg2 Nf2 31. Rac1 Re5 32. Qc4 Qe7 33. a6 h5 34. Bf3
Rc8 35. a7 Ng4 36. Qe2 Rg5 37. a5 Nxh2 38. Kxh2 Qe5 39. Rg1 h4 40. Rxc5 1-0

[Event "ch-USA Junior 2024"]
[Site "Saint Louis USA"]
[Date "2024.07.22"]
[Round "6.1"]
[White "Ladan, Nicholas"]
[Black "Hong, Andrew"]
[Result "0-1"]
[BlackTitle "GM"]
[WhiteElo "2211"]
[BlackElo "2570"]
[WhiteFideId "30918855"]
[BlackFideId "2099438"]
[EventDate "2024.07.16"]

1. d4 Nf6 2. Nf3 d5 3. Bf4 c5 4. e3 Nc6 5. Nbd2 e6 6. c3 Nh5 7. Bg5 f6 8. Bh4 g6
9. Be2 cxd4 10. cxd4 Be7 11. g4 Ng7 12. h3 e5 13. dxe5 fxe5 14. Bg3 e4 15. Ne5
Bh4 16. Nxc6 bxc6 17. O-O Bxg3 18. fxg3 Qg5 19. Qb3 Qe5 20. Nxe4 Rb8 21. Qc3
Qxc3 22. Nxc3 Rxb2 23. Bd1 Ba6 24. Rf6 Bb7 25. Ba4 Ke7 26. Raf1 Ne6 27. h4 Rb4
28. g5 Rc4 29. Rc1 h6 30. Rxg6 hxg5 31. hxg5 Rg4 32. Kg2 c5 33. Rb1 Ba8 34. Bd1
d4+ 35. Bf3 dxc3 0-1

[Event "ch-USA Junior 2024"]
[Site "Saint Louis USA"]
[Date "2024.07.22"]
[Round "6.2"]
[White "Hardaway, Brewington"]
[Black "Yoo, Christopher Woojin"]
[Result "0-1"]
[WhiteTitle "IM"]
[BlackTitle "GM"]
[WhiteElo "2459"]
[BlackElo "2607"]
[WhiteFideId "30941849"]
[BlackFideId "30909694"]
[EventDate "2024.07.16"]

1. e4 c5 2. Nf3 Nc6 3. d4 cxd4 4. Nxd4 g6 5. c4 Nf6 6. Nc3 d6 7. Be2 Nxd4 8.
Qxd4 Bg7 9. Be3 O-O 10. Qd2 a5 11. O-O a4 12. f3 Qa5 13. Rab1 Be6 14. Rfc1 Rfc8
15. b4 axb3 16. axb3 Qb4 17. Nd5 Qxd2 18. Bxd2 Ra2 19. Nxe7+ Kf8 20. Nxc8 Rxd2
21. Nxd6 Nh5 22. Bf1 Rxd6 23. Rd1 Ra6 24. Rd2 Bc3 25. Rc2 Bb4 26. g3 Ra5 27. Kg2
f5 28. c5 fxe4 29. fxe4 Nf6 30. Bc4 Rxc5 31. Rf2 Ke7 32. Rbf1 Bc3 33. Bxe6 Kxe6
34. Rc2 b5 35. Kf3 b4 36. Ra1 Nxe4 37. Ra6+ Kd5 38. Ra7 Kd4 39. Re2 Nd2+ 40. Kg2
Nxb3 41. Rxh7 Kc4 42. Rb7 Nd4 43. Rf2 b3 44. h4 Rb5 45. Rc7+ Kd3 46. Kh3 b2 47.
Rxb2 Rxb2 48. Kg4 Rb4 49. Rd7 Ke4 50. h5 gxh5+ 51. Kxh5 Ne2 52. g4 Nf4+ 53. Kh6
Rb6+ 54. Kh7 Rb8 55. Re7+ Kf3 56. Re3+ Kxe3 57. g5 Rh8# 0-1

[Event "ch-USA Junior 2024"]
[Site "Saint Louis USA"]
[Date "2024.07.22"]
[Round "6.3"]
[White "Liang, Jason"]
[Black "Woodward, Andy"]
[Result "1-0"]
[WhiteTitle "IM"]
[BlackTitle "IM"]
[WhiteElo "2412"]
[BlackElo "2523"]
[WhiteFideId "30940303"]
[BlackFideId "30953499"]
[EventDate "2024.07.16"]

1. e4 c5 2. Nf3 d6 3. d4 cxd4 4. Nxd4 Nf6 5. Nc3 a6 6. h3 e5 7. Nf3 Be7 8. g4 h6
9. Rg1 b5 10. g5 hxg5 11. Nxg5 Bb7 12. Be3 Qc7 13. Qd2 Nbd7 14. O-O-O b4 15. Nd5
Nxd5 16. exd5 Nf6 17. Bg2 Bc8 18. Kb1 Bf5 19. f4 Nd7 20. Be4 Bxe4 21. Nxe4 Qc4
22. Qg2 Rc8 23. b3 Qc7 24. fxe5 Nxe5 25. Bd4 Bf6 26. Rgf1 Rh6 27. Rf2 Kf8 28.
Qf1 Rh4 29. Nxf6 gxf6 30. Qxa6 Ke7 31. Qf1 Rh7 32. Qe1 Qb7 33. Qe4 Rch8 34. Rdf1
Rh4 35. Rf4 Qb5 36. R1f2 R4h6 37. Bxe5 dxe5 38. Rxf6 Rxf6 39. Qxe5+ Kd7 40. Rxf6
Rf8 41. Rd6+ Kc8 42. Rc6+ Kb7 43. Qe7+ 1-0

[Event "ch-USA Junior 2024"]
[Site "Saint Louis USA"]
[Date "2024.07.22"]
[Round "6.4"]
[White "Wang, Jason"]
[Black "Daggupati, Balaji"]
[Result "1-0"]
[WhiteTitle "IM"]
[BlackTitle "GM"]
[WhiteElo "2425"]
[BlackElo "2480"]
[WhiteFideId "30908124"]
[BlackFideId "2090759"]
[EventDate "2024.07.16"]

1. d4 d5 2. c4 c6 3. Nf3 Nf6 4. g3 Bg4 5. Ne5 Bf5 6. cxd5 cxd5 7. Nc3 Nc6 8. Qa4
Bd7 9. Nxd7 Qxd7 10. Bg5 e6 11. Bxf6 gxf6 12. a3 a6 13. e3 Bd6 14. Bd3 f5 15.
Rc1 Rc8 16. Ke2 O-O 17. f4 Kh8 18. Kf2 b5 19. Qd1 Qd8 20. Qh5 Qf6 21. Nxd5 Qg7
22. Nc3 Nxd4 23. exd4 Qxd4+ 24. Ke2 Bxa3 25. bxa3 Rxc3 26. Rxc3 Qxc3 27. Rd1
Qxa3 28. g4 Qb2+ 29. Rd2 Qg7 30. gxf5 Qg2+ 31. Ke3 Qg1+ 32. Kf3 Qh1+ 33. Kf2 Rg8
34. fxe6 Rg2+ 35. Ke3 Rg3+ 36. Kd4 Qg1+ 37. Kd5 fxe6+ 38. Kc6 Qh1+ 39. Kb6 Qg1+
40. Kxa6 Rg7 41. Qe5 Qa7+ 42. Kxb5 Qb7+ 43. Kc4 Qc6+ 44. Kb4 Kg8 45. Bc4 Rb7+
46. Kc3 Rc7 47. Rd8+ Kf7 48. Qf5+ Kg7 49. Qg5+ Kf7 50. Qg8+ Kf6 51. Rf8+ Ke7 52.
Rf7+ Kd6 53. Qf8+ 1-0

[Event "ch-USA Junior 2024"]
[Site "Saint Louis USA"]
[Date "2024.07.22"]
[Round "6.5"]
[White "Wang, Justin"]
[Black "Guo, Arthur"]
[Result "1/2-1/2"]
[WhiteTitle "IM"]
[BlackTitle "GM"]
[WhiteElo "2517"]
[BlackElo "2529"]
[WhiteFideId "30911370"]
[BlackFideId "30903114"]
[EventDate "2024.07.16"]

1. d4 Nf6 2. c4 e6 3. Nf3 d5 4. g3 dxc4 5. Bg2 a6 6. O-O b5 7. Ne5 Nd5 8. a4 Bb7
9. e4 Nf6 10. axb5 axb5 11. Rxa8 Bxa8 12. Nc3 c6 13. d5 Be7 14. Bg5 cxd5 15.
exd5 Bxd5 16. Nxb5 O-O 17. Bxd5 exd5 18. b3 h6 19. Bxf6 Bxf6 20. Ng4 cxb3 21.
Qxb3 Nc6 22. Nxf6+ Qxf6 23. Qxd5 Rd8 24. Qe4 Ne5 25. Kg2 h5 26. Nd4 Nc4 27. Nf3
Nd2 28. Nxd2 Rxd2 29. Qf3 Qxf3+ 30. Kxf3 g6 31. h4 Kg7 32. Ke3 Rd6 33. Kf3 Rf6+
34. Ke3 Re6+ 35. Kf3 Rf6+ 36. Ke3 Re6+ 37. Kf3 Rf6+ 1/2-1/2

[Event "ch-USA Junior 2024"]
[Site "Saint Louis USA"]
[Date "2024.07.23"]
[Round "7.1"]
[White "Yoo, Christopher Woojin"]
[Black "Wang, Justin"]
[Result "1/2-1/2"]
[WhiteTitle "GM"]
[BlackTitle "IM"]
[WhiteElo "2607"]
[BlackElo "2517"]
[WhiteFideId "30909694"]
[BlackFideId "30911370"]
[EventDate "2024.07.16"]

1. e4 e5 2. Nc3 Nf6 3. f4 d5 4. fxe5 Nxe4 5. Nf3 Be7 6. Qe2 Nxc3 7. dxc3 c5 8.
Qf2 Be6 9. Qg3 g6 10. Bg5 a6 11. O-O-O Nc6 12. Qf4 Bxg5 13. Nxg5 Qc7 14. g3
O-O-O 15. Nxe6 fxe6 16. Bh3 Rhe8 17. Qf6 Qxe5 18. Qxe5 Nxe5 19. Rhe1 Nf3 20.
Rxe6 Rxe6 21. Bxe6+ Kc7 22. Rf1 Ng5 23. Bg4 Kd6 24. Rf6+ Kc7 25. h4 Ne4 26. Rf7+
Kb6 27. Bf3 Nxg3 28. Rxh7 Nf5 29. b3 Rd6 30. a3 c4 31. bxc4 dxc4 32. Rxb7+ Ka5
33. Rc7 Nxh4 34. Be2 Nf5 35. Rxc4 Kb6 36. Rg4 Ne7 37. Bd3 Rf6 38. Rg5 Nf5 39.
Kb2 Kc5 40. Rg4 Ne3 41. Rg5+ Nf5 42. Kb3 Kb6 43. Rg1 Ne7 44. Kb2 Kc5 45. Rg3
Rb6+ 46. Ka2 Nf5 47. Rg4 Ne3 48. Ra4 Nd1 49. Rc4+ Kd5 50. Rb4 Kc5 51. Rc4+ Kd5
52. Rc8 g5 53. a4 Kd6 54. Ka3 Rc6 55. Rg8 Nxc3 56. Bxa6 Rb6 57. Rg6+ Kc7 58.
Rg7+ Kd6 59. Bb5 Nxb5+ 60. axb5 Rxb5 61. c4 Rb1 62. Rxg5 Kc6 63. Rb5 Rxb5 64.
cxb5+ Kxb5 1/2-1/2

[Event "ch-USA Junior 2024"]
[Site "Saint Louis USA"]
[Date "2024.07.23"]
[Round "7.2"]
[White "Hong, Andrew"]
[Black "Liang, Jason"]
[Result "1-0"]
[WhiteTitle "GM"]
[BlackTitle "IM"]
[WhiteElo "2570"]
[BlackElo "2412"]
[WhiteFideId "2099438"]
[BlackFideId "30940303"]
[EventDate "2024.07.16"]

1. e4 c6 2. d4 d5 3. e5 Bf5 4. Nf3 e6 5. Be2 c5 6. Be3 cxd4 7. Nxd4 Ne7 8. O-O
Nbc6 9. Bb5 a6 10. Bxc6+ Nxc6 11. Nxf5 exf5 12. f4 d4 13. Bf2 Bc5 14. Nd2 O-O
15. Nb3 Ba7 16. Qd3 Qc8 17. Nxd4 Nxd4 18. Bxd4 Bxd4+ 19. Qxd4 Qxc2 20. Rac1 Qe2
21. Rf2 Qb5 22. Rd2 h6 23. Rc5 Qb6 24. Rd5 Qe6 25. b3 Rac8 26. h3 f6 27. Rd7
fxe5 28. Qxe5 Qxe5 29. fxe5 Rf7 30. Rxf7 Kxf7 31. Rd7+ Ke6 32. Rxg7 Kxe5 33.
Re7+ Kf4 34. Rxb7 Rc2 35. a4 Rb2 36. a5 Kg5 37. Rg7+ Kh5 38. Ra7 Rxb3 39. Rxa6
Rb2 40. Ra8 Ra2 41. a6 Kg6 42. g3 Kg7 43. Kf1 Kh7 44. Ke1 Kg7 45. Kd1 Ra3 46. a7
Ra2 47. Kc1 Kh7 48. Kb1 Ra6 49. Kb2 Kg7 50. Kc3 Ra4 51. Kb3 Ra1 52. Kc4 Ra5 53.
Kb4 Ra1 54. Kc5 Rc1+ 55. Kd6 Ra1 56. Ke5 Ra5+ 57. Ke6 Ra6+ 58. Ke7 Ra1 59. Kd6
Ra2 60. Ke5 Ra5+ 61. Ke6 Ra6+ 62. Kxf5 Ra5+ 63. Kg4 Ra4+ 64. Kf3 Ra3+ 65. Ke4
Ra1 66. g4 Ra5 67. h4 Ra1 68. Kd4 Ra5 69. Kc4 Ra1 70. Kc5 Rc1+ 71. Kb6 Rb1+ 72.
Kc7 Rc1+ 73. Kd8 Rd1+ 74. Ke8 Re1+ 75. Kd7 Rd1+ 76. Ke6 Re1+ 77. Kf5 Ra1 78. Kf4
Ra4+ 79. Ke5 Ra1 80. Kd6 Rd1+ 81. Ke5 Ra1 82. Rd8 Rxa7 83. Ke6 Ra4 84. Rd7+ Kg6
85. h5+ Kg5 86. Rg7+ Kh4 87. Kf5 Ra5+ 88. Kf6 Ra6+ 89. Kf7 Ra8 90. Rg6 Ra7+ 91.
Kg8 Kg3 92. Rg7 Ra8+ 93. Kh7 Kf4 94. Rg6 Ra7+ 95. Kxh6 Ke5 96. Kg5 Ra5 97. h6
Ke4+ 98. Kh4 Ra1 99. Rf6 Ke5 100. Kg5 Rh1 101. Rf5+ Ke6 102. Kg6 Rh4 103. Rg5
Ke7 104. Kg7 Ke6 105. h7 Rh5 106. gxh5 1-0

[Event "ch-USA Junior 2024"]
[Site "Saint Louis USA"]
[Date "2024.07.23"]
[Round "7.3"]
[White "Daggupati, Balaji"]
[Black "Ladan, Nicholas"]
[Result "1-0"]
[WhiteTitle "GM"]
[WhiteElo "2480"]
[BlackElo "2211"]
[WhiteFideId "2090759"]
[BlackFideId "30918855"]
[EventDate "2024.07.16"]

1. e4 e5 2. Nf3 Nc6 3. Bb5 a6 4. Ba4 Nge7 5. c3 Ng6 6. O-O d5 7. exd5 Qxd5 8.
Bb3 Qd3 9. Bc2 Qd6 10. d3 Bf5 11. d4 Bxc2 12. Qxc2 O-O-O 13. Be3 exd4 14. cxd4
Nb4 15. Qd1 Be7 16. Nbd2 Qd5 17. a3 Nd3 18. g3 Qf5 19. Qc2 Rd5 20. Rfd1 Kb8 21.
Kf1 h5 22. Ng1 h4 23. Ndf3 hxg3 24. fxg3 Ndf4 25. Qxf5 Rxf5 26. gxf4 Nxf4 27.
Bxf4 Rxf4 28. h3 Bf6 29. Kg2 Rf5 30. Rd2 Rb5 31. Re1 a5 32. Ne5 Bg5 33. Rc2 f6
34. Nd7+ Kc8 35. Nc5 Bf4 36. Re7 g5 37. Nf3 Rg8 38. Rf7 f5 39. Ne6 c6 40. Kf2
Kb8 41. Nxf4 gxf4 42. a4 Rb3 43. Rxf5 Rg3 44. Ng1 1-0

[Event "ch-USA Junior 2024"]
[Site "Saint Louis USA"]
[Date "2024.07.23"]
[Round "7.4"]
[White "Woodward, Andy"]
[Black "Hardaway, Brewington"]
[Result "1/2-1/2"]
[WhiteTitle "IM"]
[BlackTitle "IM"]
[WhiteElo "2523"]
[BlackElo "2459"]
[WhiteFideId "30953499"]
[BlackFideId "30941849"]
[EventDate "2024.07.16"]

1. d4 d5 2. c4 e6 3. Nf3 Nf6 4. g3 Be7 5. Bg2 O-O 6. O-O c6 7. Qc2 b6 8. Bf4
Nbd7 9. Nbd2 Bb7 10. e4 dxc4 11. Nxc4 c5 12. Rfe1 cxd4 13. Nd6 Bxd6 14. Bxd6 Rc8
15. Qb1 e5 16. Bxf8 Qxf8 17. Qd1 Qd6 18. Nd2 Nc5 19. Qf3 Ne6 20. Qb3 h5 21. Rac1
Rd8 22. Nc4 Qb8 23. Qa3 h4 24. Nd2 g6 25. f3 Kg7 26. Kf2 Rh8 27. Nc4 Nc5 28. b4
Ne6 29. Nb2 Ng5 30. b5 hxg3+ 31. hxg3 Rh2 32. Qe7 Qh8 33. Rh1 Ngxe4+ 34. fxe4
Bxe4 35. Rcf1 Bxg2 36. Ke1 Bxf1 37. Rxf1 Ng4 38. Rxf7+ Kh6 39. Rf8 Qg7 40. Rf7
Qg8 41. Rf8 Qg7 42. Rf7 Qg8 43. Rf8 Qg7 1/2-1/2

[Event "ch-USA Junior 2024"]
[Site "Saint Louis USA"]
[Date "2024.07.23"]
[Round "7.5"]
[White "Guo, Arthur"]
[Black "Wang, Jason"]
[Result "0-1"]
[WhiteTitle "GM"]
[BlackTitle "IM"]
[WhiteElo "2529"]
[BlackElo "2425"]
[WhiteFideId "30903114"]
[BlackFideId "30908124"]
[EventDate "2024.07.16"]

1. e4 c5 2. Nf3 e6 3. d4 cxd4 4. Nxd4 Nf6 5. Nc3 Nc6 6. Be2 Bb4 7. O-O Bxc3 8.
bxc3 Nxe4 9. Nxc6 dxc6 10. Bd3 Nf6 11. Ba3 Qc7 12. Qf3 b6 13. c4 Bb7 14. c5
O-O-O 15. Bb2 Rd5 16. Bxf6 gxf6 17. Qxf6 Rg8 18. g3 h5 19. Bc4 Rdg5 20. f4 R5g6
21. Qh4 Rh6 22. Be2 bxc5 23. Rab1 f5 24. Rb2 c4 25. Rfb1 Ba6 26. Bf3 Qd6 27. c3
Rg7 28. Rd1 Qe7 0-1

[Event "ch-USA Junior 2024"]
[Site "Saint Louis USA"]
[Date "2024.07.24"]
[Round "8.1"]
[White "Ladan, Nicholas"]
[Black "Liang, Jason"]
[Result "1/2-1/2"]
[BlackTitle "IM"]
[WhiteElo "2211"]
[BlackElo "2412"]
[WhiteFideId "30918855"]
[BlackFideId "30940303"]
[EventDate "2024.07.16"]

1. d4 d5 2. c4 e6 3. Nf3 Nf6 4. g3 dxc4 5. Bg2 Nbd7 6. O-O Rb8 7. a4 a6 8. a5
Bd6 9. Nbd2 b5 10. axb6 Nxb6 11. Nxc4 Nxc4 12. Qa4+ Rb5 13. Qxc4 O-O 14. Ne5 c5
15. Bf4 cxd4 16. Qxd4 Qc7 17. Nc4 Bxf4 18. Qxf4 e5 19. Qc1 Bg4 20. Ne3 Qxc1 21.
Rfxc1 Bxe2 22. Rc2 Bd3 23. Rd2 e4 24. Rxa6 Rxb2 25. Rxb2 Bxa6 26. f3 Bd3 27.
fxe4 Bxe4 28. Bxe4 Nxe4 29. g4 g6 30. Kg2 Kg7 31. h4 Rd8 32. Kf3 Rd4 33. Nf1 Nf6
34. Ne3 Nd7 35. Rb5 Kf6 36. Nd5+ Ke6 37. Nf4+ Kd6 38. h5 Rd1 39. hxg6 hxg6 40.
Ra5 Rf1+ 41. Ke3 Nb6 42. Ra6 Kc5 43. Ra5+ Kd6 44. Ra6 Kc5 45. Ra5+ Kc6 46. Rg5
Nc4+ 47. Ke4 Nd6+ 48. Ke3 Re1+ 49. Kf3 Ne4 50. Ra5 Nd2+ 51. Kg2 Re4 52. Kg3 Re3+
53. Kg2 Nc4 54. Ra6+ Kb5 55. Rf6 Ne5 56. Nh3 Re4 57. Nf2 Ra4 58. Kg3 Kc5 59. Rf4
Ra3+ 60. Kg2 Kd5 61. Rb4 Nc4 62. Rb5+ Kd4 63. Rb7 Nd6 64. Rb4+ Ke5 65. Kh2 Re3
66. Kg2 Ne4 67. Rb5+ Kf4 68. Rb7 f6 69. Nxe4 Rxe4 70. Kh3 Re3+ 71. Kh4 f5 72.
gxf5 gxf5 73. Rb4+ Re4 74. Rb3 Rd4 75. Kh3 Rd2 76. Ra3 Ke4 77. Kg3 f4+ 78. Kg4
Rg2+ 79. Kh3 Rf2 80. Ra4+ Ke3 81. Ra3+ Ke2 82. Ra2+ Kf3 83. Ra3+ Ke4 84. Ra4+
Ke5 85. Ra5+ Kd4 86. Ra4+ Kd3 87. Ra3+ Ke2 88. Ra2+ Kf1 89. Ra1+ Ke2 90. Ra2+ 1/2-1/2

[Event "ch-USA Junior 2024"]
[Site "Saint Louis USA"]
[Date "2024.07.24"]
[Round "8.2"]
[White "Wang, Justin"]
[Black "Woodward, Andy"]
[Result "1/2-1/2"]
[WhiteTitle "IM"]
[BlackTitle "IM"]
[WhiteElo "2517"]
[BlackElo "2523"]
[WhiteFideId "30911370"]
[BlackFideId "30953499"]
[EventDate "2024.07.16"]

1. d4 Nf6 2. Nf3 g6 3. Nbd2 d5 4. e3 Bg7 5. b4 a5 6. b5 c5 7. bxc6 Nxc6 8. Be2
O-O 9. O-O Bf5 10. c4 a4 11. Ba3 Qa5 12. Rc1 Rac8 13. cxd5 Qxd5 14. Nc4 Nd7 15.
Nfd2 g5 16. Qxa4 b5 17. Bf3 Nxd4 18. exd4 Qxc4 19. Nxc4 bxa4 20. Bxe7 Bd3 21.
Nd6 Rxc1 22. Rxc1 Rb8 23. Bc6 Nf8 24. Bxa4 Rb2 25. Bb3 Bxd4 26. Nxf7 Kg7 27.
Nxg5 Bxf2+ 28. Kh1 Be3 29. Rd1 Bf5 30. h4 Ng6 31. Bb4 Rf2 32. Re1 Bxg5 33. hxg5
Nf4 34. Bd6 Kg6 35. Bxf4 Rxf4 36. Re5 Rf2 37. Kh2 Rb2 38. Rb5 Rd2 39. Kg3 Be4
40. Kf4 Bxg2 41. Ra5 Rd4+ 42. Ke3 Rd7 43. a4 Re7+ 44. Kd4 Re4+ 45. Kc3 Rg4 46.
Ra7 Rg3+ 47. Kb2 Rxg5 48. Bc2+ Kf6 49. Rxh7 Ke6 50. Ka3 Kd6 51. Kb4 Bc6 52. Bb3
Re5 53. Bc4 Re4 54. Rh6+ Kc7 55. Kc5 Re5+ 56. Kb4 Re4 57. Rh5 Bxa4 58. Kxa4
Rxc4+ 59. Kb5 Rc1 60. Rc5+ Rxc5+ 61. Kxc5 1/2-1/2

[Event "ch-USA Junior 2024"]
[Site "Saint Louis USA"]
[Date "2024.07.24"]
[Round "8.3"]
[White "Hardaway, Brewington"]
[Black "Hong, Andrew"]
[Result "1/2-1/2"]
[WhiteTitle "IM"]
[BlackTitle "GM"]
[WhiteElo "2459"]
[BlackElo "2570"]
[WhiteFideId "30941849"]
[BlackFideId "2099438"]
[EventDate "2024.07.16"]

1. e4 e5 2. Nf3 Nc6 3. Bc4 Bc5 4. d3 Nf6 5. Nc3 h6 6. O-O a6 7. Be3 Bxe3 8. fxe3
d6 9. a4 O-O 10. Qe1 Be6 11. b3 Qe7 12. Nh4 Nb4 13. Rc1 c6 14. Bxe6 Qxe6 15. a5
c5 16. Na4 Rad8 17. Nf5 Kh7 18. Qh4 Ng8 19. Nb6 g6 20. Ng3 f6 21. Rf2 Kg7 22.
Rcf1 Ne7 23. h3 Rf7 24. Nf5+ gxf5 25. exf5 Nxf5 26. Rxf5 d5 27. Na4 Qd6 28. R1f3
Nc6 29. Qg4+ Kh7 30. Qh4 Rdf8 31. Nxc5 Nxa5 32. d4 Nc6 33. Nxb7 Qe6 34. Nc5 Qd6
35. Nb7 Qe6 36. Nc5 Qd6 37. Rf1 a5 38. Nd3 e4 39. Nf2 Ne7 40. Ng4 Nxf5 41. Rxf5
Kh8 42. Rh5 Rh7 43. Rxh6 Rxh6 44. Qxh6+ Kg8 45. Qg6+ Kh8 46. Qh6+ Kg8 47. Qg6+
Kh8 48. Ne5 Qc7 49. Qh6+ Kg8 50. Ng6 Rc8 51. Qh8+ Kf7 52. Qh5 Ke8 53. Qxd5 Qg7
54. Qxe4+ Kd8 55. Nf4 Qg3 56. Qd5+ Kc7 57. Qxa5+ Kb7 58. Qb5+ Ka7 59. Qa5+ Kb7
60. Nd5 Rxc2 61. Qb5+ Ka7 62. Qb6+ Ka8 63. Qa6+ Kb8 64. Qf1 Kb7 65. b4 f5 66.
Qb5+ Kc8 67. Nb6+ Kc7 68. Na8+ Kd8 69. Qd5+ Ke7 70. Qe5+ Qxe5 71. dxe5 Ke6 72.
Nb6 Kxe5 73. Nd7+ Ke4 74. b5 Rb2 75. b6 Kxe3 76. Ne5 Rb5 77. Nc4+ Kd4 78. Nd6
Rb1+ 79. Kf2 f4 80. b7 Kd5 81. Nf7 Rxb7 82. Ng5 Rb3 83. Nf7 Ke6 84. Nh6 Ke5 85.
Nf7+ Kd5 86. Ng5 Ra3 87. Nf7 Ke6 88. Nh6 Kf6 89. Ke2 Kg6 90. Ng4 Kf5 91. Kf2 Kg5
92. Ke2 Ra6 93. Kf2 Kf5 94. Ke2 Rb6 95. Kf3 Rb2 96. Nh6+ Kg6 97. Ng4 Kg5 98. Ne5
Rb6 99. Ng4 Kf5 100. Ke2 Rb3 101. Kf2 Rg3 102. Nh6+ Ke4 103. Ng4 Kf5 104. Nh6+
Kg5 105. Nf7+ Kh4 106. Ne5 Rc3 107. Nf3+ Kh5 108. Ne5 Kg5 109. Ng4 Kf5 110. Ke2
Ke4 111. Nf6+ Kd4 112. Ng4 Kd5 113. Nf6+ Ke5 114. Ng4+ Kf5 115. Kf2 Ra3 116. Ke2
f3+ 117. gxf3 Kf4 118. Nf6 Re3+ 119. Kd2 Rxf3 120. Nd5+ Ke5 121. Nc3 Rxh3 122.
Ne2 Rf3 123. Ng1 Rb3 124. Ne2 Ke4 125. Nc3+ Kd4 126. Ne2+ Kc4 127. Kc2 Rd3 128.
Nc1 Ra3 129. Kd2 Ra8 130. Ne2 Re8 131. Nc1 Rd8+ 132. Kc2 Rc8 133. Kd2 Kd4 134.
Ne2+ Ke4 135. Nc3+ Kf3 136. Kd3 Rd8+ 137. Kc4 Kf4 138. Nd5+ Ke4 139. Nc3+ Ke5
140. Ne2 Rd2 141. Nc3 Rd4+ 142. Kb3 Rh4 143. Ne2 Ke4 144. Nc3+ Kd4 145. Nb5+ Kd3
146. Nc3 Rh2 147. Nb5 Rh3 148. Kb4 Rh5 149. Nd6 Re5 150. Nb5 Rd5 151. Nc7 Rd8
152. Nb5 Rc8 153. Nd6 Rc6 154. Nb5 Rc8 155. Nd6 Rc7 156. Nb5 Rc6 157. Na7 Rc7
158. Nb5 Rc4+ 159. Kb3 Rc5 160. Kb4 Rc6 161. Na7 Rc4+ 162. Kb5 Kd4 163. Nc6+ Kc3
164. Kb6 Rh4 165. Kc5 Rh5+ 166. Kd6 Kc4 167. Ne5+ Kd4 168. Nc6+ Ke4 169. Kd7 Rh6
170. Ne7 Ke5 171. Nc6+ Rxc6 172. Kxc6 1/2-1/2

[Event "ch-USA Junior 2024"]
[Site "Saint Louis USA"]
[Date "2024.07.24"]
[Round "8.4"]
[White "Wang, Jason"]
[Black "Yoo, Christopher Woojin"]
[Result "1/2-1/2"]
[WhiteTitle "IM"]
[BlackTitle "GM"]
[WhiteElo "2425"]
[BlackElo "2607"]
[WhiteFideId "30908124"]
[BlackFideId "30909694"]
[EventDate "2024.07.16"]

1. d4 d5 2. c4 e6 3. Nf3 Nf6 4. g3 Be7 5. Bg2 O-O 6. O-O dxc4 7. Qc2 b5 8. a4 b4
9. Nfd2 Nd5 10. Nxc4 c5 11. dxc5 Ba6 12. Ne3 Nd7 13. Nxd5 exd5 14. c6 Rc8 15.
Bf4 Nc5 16. Rd1 d4 17. h4 Re8 18. Nd2 Bxe2 19. Rdc1 Bd3 20. Qd1 Bd6 21. Bxd6
Qxd6 22. Nf3 Be4 23. Qxd4 Qxc6 24. Ne5 Rxe5 25. Qxe5 Bxg2 26. Rxc5 Qxc5 27. Qxc5
Rxc5 28. Kxg2 Kf8 29. Re1 Rc2 30. Re5 Rxb2 31. Ra5 Ke7 32. Rxa7+ Ke6 33. Ra5 Ra2
34. Kf3 Kd6 35. Ke3 Kc6 36. Ra7 f5 37. Ra5 g6 38. Kf3 Kd6 39. Ke3 Ke6 40. Kf3
Kf6 41. Ke3 Ke6 42. Kf3 Kd6 43. Ke3 Kc7 44. Rc5+ Kd6 45. Ra5 1/2-1/2